Statistics for CompTIA Security+ 15

Click here to take the quiz!

General Stats

  • This quiz has been taken 2 times
  • The average score is 6 of 22

Answer Stats

HintAnswer% Correct
UTPUnshielded Twisted Pair
100%
VLANVirtual Local Area Network
100%
TLSTransport Layer Security
50%
TPMTrusted Platform Module
50%
UEFIUnified Extensible Firmware Interface
50%
UPSUninterruptable Power Supply
50%
USBUniversal Serial Bus
50%
UDPUser Datagram Protocol
50%
VDIVirtual Desktop Infrastructure
50%
TTPTactics, Techniques, and Procedures
0%
TKIPTemporal Key Integrity Protocol
0%
TOTPTime-based One Time Protocol
0%
TSIGTransaction Signature
0%
UEMUnified Endpoint Management
0%
UTMUnified Threat Mangement
0%
URIUniform Resource Identifier
0%
URLUniform Resource Locator
0%
USB OTGUSB On-The-Go
0%
UATUser Acceptance Testing
0%
UEBAUser and Entity Behavior Analytics
0%
VDEVirtual Desktop Environment
0%
VBAVisual Basic for Applications
0%

Score Distribution

Percentile by Number Answered

Percent of People with Each Score

Your Score History

You have not taken this quiz